Palloni d'Oro olandesi - Statistics

Statistiche generali
  • Questo quiz è stato fatto 26 volte
  • Il punteggio medio è 7 su 7
Statistiche sulle risposte
Edizione Squadra Calciatore % Corretto
1987 PSV / Milan Ruud Gullit
100%
1988 Milan Marco van Basten
96%
1989 Milan Marco van Basten
96%
1992 Milan Marco van Basten
96%
1971 Ajax Johan Cruyff
92%
1973 Barcellona Johan Cruyff
92%
1974 Barcellona Johan Cruyff
92%
Nessun quiz corrispondente trovato
Distribuzione punteggi
Percentuale di utenti per punteggio
Percentile per numero di risposta
I tuoi punteggi nel tempo
Non hai fatto questo quiz